000 00387nam a2200157Ia 4500
003 LK-CoDNM
008 010623t1937 xxu||||| |||| 00| 1 eng d
040 _aLK-CoDNM
_dLK-CoDNM
_eLK-CoDNM
041 _aeng
080 _a10 U 29
100 _aThomas,Bertram.
245 _aThe Arabs
260 _bThornton Butterworth Ltd
_aLondon
_c1937
300 _b372p,map,ill., 23 cm
942 _cBK
999 _c98482
_d98482